000 00690nab a2200193 4500
001 244442
003 OSt
005 20231120130150.0
007 tu
008 200917s2020|||||||
040 _aDE-2950
_cDE-2950
245 0 0 _aBuchhandlung wird 70 Jahre alt
_bEinzelhandel. Die Hutten-Buchhandlung im Oderturm hat sich im Laufe der Zeit mehrmals neu erfinden müssen. Wo 1953 alles begann und wie das Jubiläum am kommenden Mittwoch gefeiert wird/
_cJörg Kotterba
264 _c2023
653 _aFrankfurt (Oder)
653 _aHutten-Buchhandlung
653 _aJubiäum
773 0 _g34. Jahrgang (2023) Nr. 268 vom 17.11.2023, S. 15, mit Foto;
_tMärkische Oderzeitung
942 _2z
_cA
999 _c372835
_d372835